000 00231nam a22000857a 4500
008 161217b xxu||||| |||| 00| 0 eng d
100 _92097
_aBatten.D
245 _aThe Revised & Expanded Answer Book
260 _aAmerica
_bMaster Book
_c1990
999 _c4981
_d4981